| 000 | 01411nam0a2200385 4500 | ||
|---|---|---|---|
| 001 | RU\NLR\bibl\402682 | ||
| 005 | 20250622164600.0 | ||
| 010 |
_a5-89180-038-1 _95000 |
||
| 021 |
_aRU _b2003-14035 _9652 |
||
| 035 | _a(NLR Aleph) 000396830 | ||
| 090 |
_a550207 _c550207 |
||
| 100 | _a20030521d2002 |||y0rusy50 ca | ||
| 101 | 0 | _arus | |
| 102 | _aRU | ||
| 105 | _ay ||||||||| | ||
| 200 | 1 |
_aА.П. Завенягин: страницы жизни _e[Организатор пром-сти СССР _fАвт.-сост. М. Я. Важнов] |
|
| 210 |
_aМ. _cПолиМЕдиа _d2002 |
||
| 215 |
_a391 с. _d22 |
||
| 320 | _aБиблиогр.: с. 369-379 | ||
| 320 | _aИмен. указ.: с. 380-388 | ||
| 600 | 1 |
_aЗавенягин _bА.П. _f1901 - 1956 _gАвраамий Павлович _92293500 _3RU\NLR\auth\661373432 |
|
| 610 | 0 | _aГерои Социалистического Труда в промышленности | |
| 610 | 0 | _aПромышленность - История | |
| 675 |
_a94(47+57)<19>(092) _v3 _zrus |
||
| 675 |
_a929Завенягин _v3 _zrus |
||
| 686 |
_a03.19 _2rugasnti |
||
| 686 |
_a63.3(2)6 _2rubbk |
||
| 686 | _aУ30(2)-212.113 | ||
| 702 | 1 |
_aВажнов _bМ. Я. _gМихаил Яковлевич _4220 |
|
| 801 | 0 |
_aRU _bRKP _c20030521 _gPSBO |
|
| 801 | 1 |
_aRU _bRKP _c20030521 |
|
| 801 | 2 |
_aRU _bNLR _c20030702 _grcr |
|
| 942 | _cBOOK | ||
| 980 | _aNB | ||